000 00476nam a2200181Ia 4500
001 3757
005 20260306145707.0
008 260306t2001||||xx |||||||||||||| ||spa||
041 _aESP
082 _a303.34
_bO94
100 _aOwen, Harrison
_eAUT
245 0 _aEl espíritu del liderazgo:
_bliberar al líder que vive dentro de cada uno de nosotros
260 _c2001
300 _a146 páginas :
_c24 cm.
650 _aGEN
654 _aCHU
942 _cLIB
_dJUS
_fJUS
_2ddc
_n
999 _c3757
_d3757